The practice of dermatology / (Record no. 8497)
[ view plain ]
| 000 -LEADER | |
|---|---|
| fixed length control field | 00687pam a2200229 a 4500 |
| 020 ## - INTERNATIONAL STANDARD BOOK NUMBER | |
| ISBN | 8123912838 |
| 020 ## - INTERNATIONAL STANDARD BOOK NUMBER | |
| ISBN | 9788123912837 |
| 050 00 - CALL NUMBER | |
| Classification number | RL61 |
| Item number | .B39 |
| 100 1# - AUTHOR | |
| Personal name | Behl, P. N., Aggarwal A., Govind Srinastava |
| 245 14 - TITLE | |
| Title | The practice of dermatology / |
| Statement of responsibility, etc | Behl, P. N., Aggarwal A., Govind Srinastava |
| 250 ## - EDITION | |
| Edition statement | 10th |
| 260 ## - PUBLICATION INFORMATION | |
| Place of publication | Delhi : |
| Name of publisher | CBS Pub& distribution, |
| Year of publication | 2009. |
| 300 ## - DESCRIPTION | |
| Number of Pages | xi, 339 p. : |
| Other physical details | ill. ; |
| Dimensions | 23 cm. |
| 500 ## - NOTES | |
| General note | Includes index. |
| 505 ## - FORMATTED CONTENTS NOTE | |
| Table of Content | Pt. 1. Basic information<br/>Pt. 2. Diseases of the Skin<br/> |
| 650 #0 - SUBJECTS | |
| Topical Term | Skin |
| General subdivision | Diseases. |
| 650 #0 - SUBJECTS | |
| Topical Term | Dermatology. |
| 650 #2 - SUBJECTS | |
| Topical Term | Skin Diseases. |
| 700 1# - OTHER AUTHORS | |
| Personal name | Abele, Donald C. |
| 942 ## - ADDED ENTRY ELEMENTS (KOHA) | |
| Koha item type | Books |
| Withdrawn status | Lost status | Collection code | Home library | Current library | Shelving location | Date acquired | Source of acquisition | Full call number | Accession Number | Koha item type |
|---|---|---|---|---|---|---|---|---|---|---|
| Reference | Methodist University Library Main | Methodist University Library Main | General Stacks | 01/09/2025 | Purchased from University Of Ghana Book Shop Main | RL61 .B39 | 8969 | Books |